| 000 | 004360000a22001210004500 | ||
|---|---|---|---|
| 090 |
_aAS _bSeriadas |
||
| 245 | 1 | 0 | _aModelación del desarrollo sostenible en sistemas agrícola-forestales del corregimiento de Aquitania, (Antioquia) |
| 041 | 0 | _aEspañol | |
| 700 | 1 |
_aBlandón M. , Luis Alberto _999839 |
|
| 100 | 1 |
_aVargas Isaza, Olga Lucía _999840 |
|
| 942 | _cARTICULO | ||
| 773 | 1 |
_tCrónica Forestal y del Medio Ambiente _h11 _q59-76 _d1996 |
|
| 999 |
_c15577 _d15577 |
||